Southville International School and Colleges
Your cart is empty.
  • Cart
  • Lists
    Public lists Eva Luna New books Lux_list list_1
    Your lists Log in to create your own lists
  • Log in to your account
  • Your cookies
  • Search history
Southville International School and Colleges
  • Advanced search
  • Recent comments
  • Most popular
  • Libraries

Log in to your account

Log in with GOOGLE


If you do not have an external account, but do have a local account, you can still log in:

  1. Home
  2. MARC view: 123 PIC microcontroller experiments for the evil genius /
Normal view MARC view ISBD view

123 PIC microcontroller experiments for the evil genius / (Record no. 300902)

[ view plain ]
MARC details
000 -LEADER
fixed length control field 00635nam a2200229Ia 4500
008 - FIXED-LENGTH DATA ELEMENTS--GENERAL INFORMATION
fixed length control field 160901s9999 xx 000 0 und d
020 ## - INTERNATIONAL STANDARD BOOK NUMBER
International Standard Book Number 0-07-145142-0
050 ## - LIBRARY OF CONGRESS CALL NUMBER
Classification number ComSc TJ 223
050 ## - LIBRARY OF CONGRESS CALL NUMBER
Item number .P76P74 2005
100 ## - MAIN ENTRY--PERSONAL NAME
Personal name Predko, Myke.
245 ## - TITLE STATEMENT
Title 123 PIC microcontroller experiments for the evil genius /
245 ## - TITLE STATEMENT
Statement of responsibility, etc Myke Predko.
260 ## - PUBLICATION, DISTRIBUTION, ETC. (IMPRINT)
Place of publication, distribution, etc New York :
260 ## - PUBLICATION, DISTRIBUTION, ETC. (IMPRINT)
Name of publisher, distributor, etc McGraw-Hill.,
260 ## - PUBLICATION, DISTRIBUTION, ETC. (IMPRINT)
Date of publication, distribution, etc 2005
300 ## - PHYSICAL DESCRIPTION
Extent 339 pages :
300 ## - PHYSICAL DESCRIPTION
Other physical details ill. ;
300 ## - PHYSICAL DESCRIPTION
Dimensions 28 cm.
500 ## - GENERAL NOTE
General note Includes index.
650 ## - SUBJECT ADDED ENTRY--TOPICAL TERM
Topical term or geographic name as entry element Microcontrollers -- Laboratory manuals.
650 ## - SUBJECT ADDED ENTRY--TOPICAL TERM
General subdivision Programmable controllers -- Laboratory manuals.
Holdings
Withdrawn status Lost status Damaged status Home library Current library Shelving location Date acquired Cost, normal purchase price Total Checkouts Full call number Barcode Date last seen Price effective from Koha item type
      South Mansfield College South Mansfield College   02/08/2006 1.00   ComSc TJ 223 .P76P74 2005 SMC03060 09/01/2016 09/01/2016  

123 PIC microcontroller experiments for the evil genius /

APA

Predko M., .123 PIC microcontroller experiments for the evil genius. New York: .

Chicago

Predko Myke, .123 PIC microcontroller experiments for the evil genius. New York: .

Harvard

Predko M., .123 PIC microcontroller experiments for the evil genius. New York: .

MLA

Predko Myke, .New York: . .

  • Place hold
  • Print
  • Cite
  • Add to your cart (remove)
  • Save record
    BIBTEX Dublin Core MARCXML MARC (non-Unicode/MARC-8) MARC (Unicode/UTF-8) MARC (Unicode/UTF-8, Standard) MODS (XML) RIS
  • More searches
    Search for this title in:
    Other Libraries (WorldCat) Other Databases (Google Scholar) Online Stores (Bookfinder.com) Open Library (openlibrary.org)

Exporting to Dublin Core...

SOUTHVILLE LIBRARY

Southville International School and Colleges Library

1281 Tropical Ave. Cor. Luxembourg St., BF Homes International, Las Pinas City

Tel. No. 8256374 / 252358 Loc. 117/146

Powered by Koha